000 00447nam a2200181Ia 4500
001 24553
005 20260414151051.0
008 260414t2022||||xx |||||||||||||| ||spa||
041 _aESP
082 _a345.71
_bS92
100 _aSumaria Benavente, Omar
_eAUT
245 0 _aLas medidas cautelares en el proceso civil
_b
260 _c2022
300 _a654 páginas :
_c25 cm.
650 _aDER
654 _aCDE
942 _cLIB
_dJUS
_fJUS
_2ddc
_n
999 _c24553
_d24553